Robotizirovannyje proizvodstvennyje kompleksy

Guardado en:
Detalles Bibliográficos
Formato: Libro
Lenguaje:ruso
Publicado: Moskva : Mašinostrojenije, 1987
Materias:
Etiquetas: Agregar Etiqueta
Sin Etiquetas, Sea el primero en etiquetar este registro!

MARC

LEADER 00000nam a22000003a 4500
001 stu41386
005 20141122042820.7
008 931123s1987----xxr-----------------rus-d
040 |a STU  |b slo 
041 0 |a rus 
044 |a xxr 
080 |a 681.5 
245 |a Robotizirovannyje proizvodstvennyje kompleksy 
260 |a Moskva :  |b Mašinostrojenije,  |c 1987 
300 |a 270 s 
650 7 |a Robotizácia  |2 stusub 
996 |b 284M002706  |c M*4631-1  |l MMKN  |s A  |a 24  |w stu41386_0001